| 000 | 005690000a22001930004500 | ||
|---|---|---|---|
| 001 | 003354 | ||
| 003 | MACL | ||
| 005 | 20150923155755.0 | ||
| 008 | 150923b xxu||||| |||| 00| 0 eng d | ||
| 040 |
_aMACL _cMACL |
||
| 041 | _aEnglish | ||
| 082 | _a891.254/SAS | ||
| 100 |
_aMahamahopadhyaya, _912484 |
||
| 245 |
_aA Descriptive Catalogue Of Sanskrit Manuscripts In the Sanskrit Sahitya Parishat Calcutta Volume-2 _cMahamahopadhyaya |
||
| 260 |
_aCalcutta _c2000 _bSanskrit Sahitya Parishat, |
||
| 350 | _a125 | ||
| 650 |
_aLiterature _912485 |
||
| 942 |
_k891 _cBK _2ddc |
||
| 999 |
_c15257 _d15257 |
||